Dynamics of structures : (Record no. 2495)
[ view plain ]
| 000 -LEADER | |
|---|---|
| fixed length control field | 00921nac a22002655a 4500 |
| 008 - FIXED-LENGTH DATA ELEMENTS--GENERAL INFORMATION | |
| fixed length control field | 100228r20071995njua||||r|||| 001 0 eng d |
| 010 ## - LIBRARY OF CONGRESS CONTROL NUMBER | |
| LC control number | 2007271939 |
| 020 ## - INTERNATIONAL STANDARD BOOK NUMBER | |
| International Standard Book Number | 013156174X |
| 020 ## - INTERNATIONAL STANDARD BOOK NUMBER | |
| International Standard Book Number | 9780131561748 |
| 040 ## - CATALOGING SOURCE | |
| Original cataloging agency | EG-Sb BUE |
| Language of cataloging | eng |
| Transcribing agency | EG-Sb BUE |
| 082 04 - DEWEY DECIMAL CLASSIFICATION NUMBER | |
| Classification number | 624.1762 |
| Item number | CHO |
| Edition number | 22 |
| 100 1# - MAIN ENTRY--PERSONAL NAME | |
| Personal name | Chopra, Anil K. |
| 9 (RLIN) | 12032 |
| 245 10 - TITLE STATEMENT | |
| Title | Dynamics of structures : |
| Remainder of title | theory and applications to earthquake engineering / |
| Statement of responsibility, etc | Anil K. Chopra. |
| 250 ## - EDITION STATEMENT | |
| Edition statement | 3rd ed. |
| 260 ## - PUBLICATION, DISTRIBUTION, ETC. (IMPRINT) | |
| Place of publication, distribution, etc | Upper Saddle River : |
| Name of publisher, distributor, etc | Pearson Prentice Hall, |
| Date of publication, distribution, etc | 2007. |
| 300 ## - PHYSICAL DESCRIPTION | |
| Extent | xxxiv, 876 p. : |
| Other physical details | ill. ; |
| Dimensions | 25 cm. |
| 490 ## - Series Statement | |
| Series statement | Prentice Hall international series in civil engineering and engineering mechanics |
| 500 ## - GENERAL NOTE | |
| General note | Index : p. 865-876. |
| 590 ## - LOCAL NOTE (RLIN) | |
| Local note | Doha |
| 650 #0 - SUBJECT ADDED ENTRY--TOPICAL TERM | |
| Topical term or geographic name as entry element | Earthquake engineering. |
| 9 (RLIN) | 12033 |
| Source of heading or term | BUEsh |
| 650 #0 - SUBJECT ADDED ENTRY--TOPICAL TERM | |
| Topical term or geographic name as entry element | Structural dynamics. |
| 9 (RLIN) | 12034 |
| Source of heading or term | BUEsh |
| 651 ## - SUBJECT ADDED ENTRY--GEOGRAPHIC NAME | |
| Source of heading or term | BUEsh |
| 653 ## - INDEX TERM--UNCONTROLLED | |
| Arrived date list | August2015 |
| Resource For college | Engineering, Civil |
| -- | Engineering, Mechanical |
| 942 ## - ADDED ENTRY ELEMENTS (KOHA) | |
| Item type | Book - Borrowing |
| Source of classification or shelving scheme | Dewey Decimal Classification |
| Withdrawn status | Item status | Source of classification or shelving scheme | Damaged status | Not for loan | Home library | Current library | Shelving location | Date acquired | Source of acquisition | Total Checkouts | Total Renewals | Full call number | Barcode | Date last seen | Date last borrowed | Koha item type | Vendor |
|---|---|---|---|---|---|---|---|---|---|---|---|---|---|---|---|---|---|
| Dewey Decimal Classification | Central Library | Central Library | First floor | 21/02/2007 | Purchase | 10 | 93 | 624.1762 CHO | 000001515 | 15/07/2025 | 25/10/2020 | Book - Borrowing | |||||
| Dewey Decimal Classification | Central Library | Central Library | First floor | 28/02/2010 | 1 | 624.1762 CHO | 000020018 | 15/07/2025 | 16/10/2012 | NB - Book (Non borrowing) | Baccah | ||||||
| Dewey Decimal Classification | Central Library | Central Library | First floor | 28/02/2010 | 7 | 61 | 624.1762 CHO | 000020008 | 15/07/2025 | 18/01/2020 | Book - Borrowing | Baccah |